000 00753nam a2200253Ia 4500
003 OSt
005 20220925205802.0
006 a|||||r|||| 00| 0
007 ta
008 220923b |||||||| |||| 00| 0 eng d
020 _a0333373499
037 _cGeneral Book
040 _aRTL
_cRTL
_beng
041 _2eng
_aeng
082 _aX:511OgF.3.N8, M6
100 _aGeorghiou Luke, and others
_9271007
245 0 _aPost innovation performance
_b Technological develo
260 _aHoundmills
_bMacmillans
_c1986
300 _axiii, 301p
_ccm.
500 _aBibliography chapterwise
650 _aMarketing
_915998
942 _hX:511OgF.3.N8, M6
_cGB
_2CC
999 _c553189
_d553189